000 00309nam a2200121Ia 4500
008 191201s2012 xx 000 0 und d
100 _aGULIA, Yashpal
245 0 _aHaryana ka Riyasati Itihas
260 _aN. Delhi
_bHaryana Granth Academy
_c2012
300 _a189
650 _aGeneral Books
942 _2ddc
_cBK
999 _c6722
_d6722